Minecraft - All armor trims - Statistics

General Stats
  • This quiz has been taken 56 times
  • The average score is 10 of 16
Answer Stats
Chance of getting it Structure Armor trim % Correct
16.7% Shipwreck Coast
90%
14.3% Desert Pyramid Dune
90%
10% Stronghold Eye
87%
1.2% Ancient City Silence
77%
6.7% Nether Fortress Rib
70%
5% Ancient City Ward
67%
50% Woodland Mansion Vex
63%
6.7% End City Spire
60%
8.3% Bastion Remnant Snout
57%
33.3% Jungle Temple Wild
53%
20% Ocean Monument Tide
47%
8.3% Archeology site/Suspicious Gravel Host
43%
8.3% Archeology site/Suspicious Gravel Raiser
43%
25% Pillager Outpost Sentry
43%
8.3% Archeology site/Suspicious Gravel Wayfinder
43%
8.3% Archeology site/Suspicious Gravel Shaper
40%
No matching quizzes found
Score Distribution
Percent of People with Each Score
Percentile by Number Answered
Your Score History
You have not taken this quiz